<?xml version="1.0" encoding="UTF-8"?>
<record
    xmlns:xsi="http://www.w3.org/2001/XMLSchema-instance"
    xsi:schemaLocation="http://www.loc.gov/MARC21/slim http://www.loc.gov/standards/marcxml/schema/MARC21slim.xsd"
    xmlns="http://www.loc.gov/MARC21/slim">

  <leader>01281nam a22002777a 4500</leader>
  <controlfield tag="001">BRCA_9310</controlfield>
  <controlfield tag="003">FranzMayer</controlfield>
  <controlfield tag="005">20230823120459.0</controlfield>
  <controlfield tag="008">230811b        |||||||| |||| 00| 0 eng d</controlfield>
  <datafield tag="040" ind1=" " ind2=" ">
    <subfield code="a">MFM</subfield>
    <subfield code="b">esp</subfield>
    <subfield code="c">MFM</subfield>
  </datafield>
  <datafield tag="050" ind1=" " ind2=" ">
    <subfield code="a">BJ2549</subfield>
    <subfield code="b">1715 (12-154)</subfield>
  </datafield>
  <datafield tag="240" ind1=" " ind2=" ">
    <subfield code="a">Canon Missae Pontificalis</subfield>
    <subfield code="h">Canon Missae ad usum episcoporum ac praelatorum solemniter, vel private celebratium</subfield>
    <subfield code="l">Lat&#xED;n</subfield>
  </datafield>
  <datafield tag="245" ind1="0" ind2=" ">
    <subfield code="a">Canon Missae Pontificalis</subfield>
    <subfield code="b">Canon Missae ad usum episcoporum ac praelatorum solemniter, vel private celebratium</subfield>
  </datafield>
  <datafield tag="260" ind1=" " ind2=" ">
    <subfield code="a">Venecia</subfield>
    <subfield code="b">Ex Typographia Balleoniana</subfield>
    <subfield code="c">1762</subfield>
  </datafield>
  <datafield tag="300" ind1=" " ind2=" ">
    <subfield code="a">170 p</subfield>
    <subfield code="b">ilustraciones</subfield>
    <subfield code="c">41 cm</subfield>
  </datafield>
  <datafield tag="500" ind1=" " ind2=" ">
    <subfield code="a">Cubierta dura, con tela ropa y con adornos de plata. El material tambi&#xE9;n contiene cintas rojas</subfield>
  </datafield>
  <datafield tag="500" ind1=" " ind2=" ">
    <subfield code="a">El material contiene partituras</subfield>
  </datafield>
  <datafield tag="500" ind1=" " ind2=" ">
    <subfield code="a">Fondo antiguo</subfield>
  </datafield>
  <datafield tag="500" ind1=" " ind2=" ">
    <subfield code="a">Ejemplar se encuentra en caja fuerte</subfield>
  </datafield>
  <datafield tag="500" ind1=" " ind2=" ">
    <subfield code="a">12-154</subfield>
  </datafield>
  <datafield tag="501" ind1=" " ind2=" ">
    <subfield code="a">Fondo reservado: para su consulta es necesario credencial de usuario y carta motivos.</subfield>
  </datafield>
  <datafield tag="505" ind1=" " ind2=" ">
    <subfield code="a">Texto en: lat&#xED;nDirigido a: te&#xF3;logos, m&#xFA;sicos, personas pertenecientes a la iglesia cristiana/cat&#xF3;lica.</subfield>
  </datafield>
  <datafield tag="650" ind1="1" ind2=" ">
    <subfield code="2">Religi&#xF3;n cristiana</subfield>
    <subfield code="a">La biblia</subfield>
    <subfield code="v">Teolog&#xED;a</subfield>
    <subfield code="9">29018</subfield>
  </datafield>
  <datafield tag="651" ind1="2" ind2=" ">
    <subfield code="2">Libros cristianos</subfield>
    <subfield code="a">Libros sobre la biblia</subfield>
    <subfield code="v">Libros teol&#xF3;gicos </subfield>
    <subfield code="9">29019</subfield>
  </datafield>
  <datafield tag="942" ind1=" " ind2=" ">
    <subfield code="2">lcc</subfield>
    <subfield code="c">B</subfield>
  </datafield>
  <datafield tag="999" ind1=" " ind2=" ">
    <subfield code="c">10932</subfield>
    <subfield code="d">10932</subfield>
  </datafield>
  <datafield tag="952" ind1=" " ind2=" ">
    <subfield code="0">0</subfield>
    <subfield code="1">0</subfield>
    <subfield code="2">lcc</subfield>
    <subfield code="4">0</subfield>
    <subfield code="7">0</subfield>
    <subfield code="8">LAR</subfield>
    <subfield code="a">BRCA</subfield>
    <subfield code="b">BRCA</subfield>
    <subfield code="d">2023-08-11</subfield>
    <subfield code="l">0</subfield>
    <subfield code="o">BJ2549 1715 (12-154)</subfield>
    <subfield code="p">LAR00196</subfield>
    <subfield code="r">2023-08-11 00:00:00</subfield>
    <subfield code="w">2023-08-11</subfield>
    <subfield code="y">B</subfield>
  </datafield>
</record>
